| 000 | 01335nam a2200325 c 4500 | ||
|---|---|---|---|
| 003 | BLK | ||
| 005 | 20180422100153.0 | ||
| 008 | 180408b bul|||||r ||||||| ||bul|| | ||
| 010 | _aKNG00035753000 | ||
| 020 |
_a954-8036-04-5 _bиздат.: Женифер-Хикс |
||
| 040 | _aBLK | ||
| 041 |
_aBUL _cBUL |
||
| 080 |
_aУважение към човешкия живот. Дуел. Самоубийство. Убийство. Самоотбрана _b179.7 _x:316.62 _z179.7:316.62 |
||
| 100 | 1 |
_aДюркем, Емил _eпърви автор _966277 |
|
| 700 | 1 |
_aГрекова, Евгения Димитрова _eпрев. от фр. _9365780 |
|
| 139 |
_aДюркем, Емил _bД 98 |
||
| 245 | 1 | 0 |
_aСамоубийството _bСоциол. изследване _cЕмил Дюркем; прев. от фр. Евгения Димитрова Грекова. |
| 257 | _aFRA | ||
| 260 |
_аСофия _bЖенифер-Хикс _c1999 _fВраца : Плакра |
||
| 300 |
_a532 с. _bс табл. _c20 см |
||
| 380 | _a1 | ||
| 650 | 4 |
_aСамоубийство _9170199 |
|
| 653 | _aсамоубийство | ||
| 653 | _aсоциологически изследвания | ||
| 852 | _aЦб 208346 | ||
| 856 | 4 |
_qpdf _u |
|
| 856 | 4 |
_qpdf _u |
|
| 942 |
_cKNG _n0 |
||
| 944 |
_aCR _c15.01.2003 _kГеновева_Генчева |
||
| 944 |
_aED _c07.08.2003 _k |
||
| 999 |
_c33070 _d33070 |
||